The invention of private life : (Record no. 153787)

MARC details
000 -LEADER
fixed length control field 00602nam a22001937a 4500
005 - DATE AND TIME OF LATEST TRANSACTION
control field 20180710162428.0
010 ## - LCCN (DPL NO)
LC control number ENG-123432
020 ## - INTERNATIONAL STANDARD BOOK NUMBER
International Standard Book Number 9788178245270
Terms of availability 695.00
035 ## - SYSTEM CONTROL NUMBER
System control number EN-106964
037 ## - SOURCE OF ACQUISITION
Source of stock number/acquisition DBAD/PUB
082 ## - DEWEY DECIMAL CLASSIFICATION NUMBER
Classification number 863.09
100 ## - MAIN ENTRY--PERSONAL NAME
Personal name Sudiptia Kaviraj
245 ## - TITLE STATEMENT
Title The invention of private life :
Statement of responsibility, etc by Sudiptia Kaviraj
Remainder of title literature and ideas /
260 ## - PUBLICATION, DISTRIBUTION, ETC. (IMPRINT)
Place of publication, distribution, etc Ranikhet
Name of publisher, distributor, etc Permanent Black
Date of publication, distribution, etc 2018
270 ## - ADDRESS
Address Himalayana, Mall Road, Ranikhet Cantt.
City Ranikhet
Postal code 263645
300 v# - PHYSICAL DESCRIPTION
Extent 368p.
Dimensions 21cm(pbk)
500 ## - GENERAL NOTE
General note It includes index
942 ## - ADDED ENTRY ELEMENTS (KOHA)
Source of classification or shelving scheme Dewey Decimal Classification
Item type English Books
Call number suffix SUD
Classification part 863.09
Holdings
Withdrawn status Lost status Not for loan Collection code Home library Current library Date acquired Source of acquisition Cost, normal purchase price Full call number Barcode Copy number Cost, replacement price Koha item type
    Not For Loan Non-fiction D.B.Act.Division Central Library 11/07/2018 DBAD/PUB 695.00 863.09 SUD EN-106964 1 695.00 English Books

© Delhi Public Library
Hit Counter
free hit counter